RISK AND INSURANCE (Record no. 17712)

MARC details
000 -LEADER
fixed length control field 00394nam a22001697a 4500
003 - CONTROL NUMBER IDENTIFIER
control field OSt
005 - DATE AND TIME OF LATEST TRANSACTION
control field 20211111113116.0
008 - FIXED-LENGTH DATA ELEMENTS--GENERAL INFORMATION
fixed length control field 211111b |||||||| |||| 00| 0 eng d
020 ## - INTERNATIONAL STANDARD BOOK NUMBER
International Standard Book Number 0538063408
040 ## - CATALOGING SOURCE
Transcribing agency H U
082 ## - DEWEY DECIMAL CLASSIFICATION NUMBER
Classification number 368.06
100 ## - MAIN ENTRY--PERSONAL NAME
Personal name GREEN MARK R.
9 (RLIN) 17889
245 ## - TITLE STATEMENT
Title RISK AND INSURANCE
260 ## - PUBLICATION, DISTRIBUTION, ETC.
Place of publication, distribution, etc. MAERICA
Name of publisher, distributor, etc. SOUTH WESTERN
Date of publication, distribution, etc. 1981
300 ## - PHYSICAL DESCRIPTION
Extent 548
942 ## - ADDED ENTRY ELEMENTS (KOHA)
Source of classification or shelving scheme Dewey Decimal Classification
Koha item type Books like text book referance book
Suppress in OPAC No
Holdings
Withdrawn status Lost status Source of classification or shelving scheme Damaged status Not for loan Home library Current library Shelving location Date acquired Total Checkouts Full call number Barcode Date last seen Copy number Price effective from Koha item type
    Dewey Decimal Classification     College of Business and Economics Library College of Business and Economics Library General Stacks 11/11/2021   368.06 MBEIJB 00002581 11/11/2021 1 11/11/2021 Books like text book referance book